000 00550nam a22001932 4500
001 0000002720
005 20170406114439.0
008 140401s xx 000 0 eng d
020 _a000020493189 :
_c$
040 _aYour Holding Symbol
_cYour Holding Symbol
100 1 _aDiop Anta Cheikh.
245 1 0 _aPrecolonial black africa.
250 _a ed.
260 _aNew ork :
_bLawrence hill Books,
_c1987.
300 _a240 p. ;
_c cm.
504 _abibliography.
650 0 _aprecolonial history africa.
908 _a140401
999 _c2606
_d2606